Compendio de estadisticas de America Latina

Guardado en:
Detalles Bibliográficos
Formato: Libro
Lenguaje:español
Publicado: Habana Comite de Estadistica 1982
Etiquetas: Agregar Etiqueta
Sin Etiquetas, Sea el primero en etiquetar este registro!

MARC

LEADER 00000nam a2200000 4500
001 c117127
005 20041019155206.6
041 0 |a spa 
044 |a CU 
245 1 0 |a Compendio de estadisticas de America Latina 
264 1 |a Habana  |b Comite de Estadistica  |c 1982 
300 |a 272 s.